Open Data Biblioteca Nacional de Portugal


República Portuguesa: Ministério da Cultura
Biblioteca Nacional de Portugal

Catálogo da BNP: acesso por Identificadores Unívocos
Registos Bibliográficos associados ao registo de autoridade

Etiqueta de registo: 00230nam 2200025 450
001 1777535
003 http://id.bnportugal.gov.pt/bib/catbnp/1777535
100 ## $a20110419d2009 k y0pory0103 ba
101 1# $apor$dspa
102 ## $aES
105 ## $aa m 001yy
106 ## $ar
200 1# $a A prática pedagógica na formação inicial de professores do primeiro ciclo do ensino básico$d La práctica pedagógica en la formácion inicial de professores del primer ciclo de enseñanza básica$fHugo Alexandre Lopes Menino$gorient. Florentino Blázquez Entonado$zspa
210 #9 $aCáceres$c[s.n.]$d2009
215 ## $a591 p.$cil.$d30 cm
320 ## $aBibliografia, p. 435-455
328 #1 $aTese dout. Ciências da Educação (Didáctica y Organización Escolar), Dep. de Ciencias de la Educación, Fac. de Educación, Univ. de Extremadura, 2009
510 1# $a La práctica pedagógica en la formácion inicial de professores del primer ciclo de enseñanza básica$zspa
675 ## $a371.13(469)(043)$vBN$zpor$3637384
675 ## $a373.3(469)(043)$vBN$zpor$3893236
700 #1 $aMenino,$bHugo Alexandre Lopes,$f1978-$31260943
702 #1 $aBlázquez Entonado,$bFlorentino$4727$3765510
801 #0 $aPT$bBN$gRPC
966 ## $lBN$mFGMON$sS.C. 126824 V.$x1

Etiqueta de registo: 00230nam 2200025 450
001 1381772
003 http://id.bnportugal.gov.pt/bib/catbnp/1381772
100 ## $a20050929d2004 k y0pory0103 ba
101 0# $apor$deng
102 ## $aPT
105 ## $aa m 001yy
106 ## $ar
200 1# $a O relatório escrito, o teste em duas fases e o portefólio como instrumentos de avaliação das aprendizagens em matemática$bTexto policopiado]$e um estudo no 2º ciclo do ensino básico$fHugo Alexandre Lopes Menino$gorient. Leonor Santos
210 #9 $aLisboa$c[s.n.],$d2004
215 ## $aVII, 259 f.$cil.$d30 cm$ecurriculum vitae (9 f.)$eresumo (2 f.)
320 ## $aBibliografia, f. 231-240
328 #0 $bTese mestr.$cEducação (esp. Didáctica da Matemática)$eFac. de Ciências, Univ. de Lisboa$d2004
606 ## $aMatemática$xEnsino/aprendizagem$xAvaliação$yPortugal$x[Teses]$2SIPOR$31057199
606 ## $aAlunos portugueses de matemática do ensino básico segundo ciclo$xAvaliação$xUtilização de portefólios$yPortugal$x[Teses]$2SIPOR$31298648
675 ## $a371.3(469)(043)$vBN$zpor$31459308
675 ## $a371.26(469)(043)$vBN$zpor$31017153
675 ## $a51(469)(043)$vBN$zpor$3760224
675 ## $a371.21(469)(043)$vBN$zpor$31222264
700 #1 $aMenino,$bHugo Alexandre Lopes,$f1978-$31260943
702 #1 $aSantos,$bLeonor,$f1949-$4727$3213179
712 02 $aUniversidade de Lisboa.$bFaculdade de Ciências$4295$320075
801 #0 $aPT$bBN$gRPC
966 ## $lBN$mFGMON$sS.C. 108294 V.$x1

Etiqueta de registo: 00254nam 2200025 450
001 2285929
003 http://id.bnportugal.gov.pt/bib/catbnp/2285929
010 ## $a978-989-35410-0-5
021 ## $aPT$b542019/25
100 ## $a20260507d2025 m y0pory01030103ba
101 0# $apor
102 ## $aPT
105 ## $aa z 000yy
106 ## $ar
200 1# $aNúmeros e operações para a educação básica$fHugo Alexandre Lopes Menino
205 ## $a2ª ed
210 #9 $aLeiria$cInstituto Politécnico de Leiria,$d2025
215 ## $a164 p.$cil.$d21 cm
675 ## $a37.02$vBN$zpor$3288044
675 ## $a51$vBN$zpor$3288051
700 #1 $aMenino,$bHugo Alexandre Lopes,$f1978-$31260943
801 #0 $aPT$bBN$gRPC
856 41 $uhttp://rnod.bnportugal.gov.pt/ImagesBN/winlibimg.aspx?skey=&doc=2285929&img=223735&save=true
966 ## $lBN$mFGMON$sS.C. 169385 V.$x1
966 ## $lBN$mFGMON$sS.C. 169385 V.-D$x1
971 ## $cisantos$d20260507
973 ## $caalmeid$d20260624

Etiqueta de registo: 00254nam 2200025 450
001 2285928
003 http://id.bnportugal.gov.pt/bib/catbnp/2285928
010 ## $a978-989-35410-0-5
021 ## $aPT$b523174/23
100 ## $a20260507d2023 m y0pory01030103ba
101 0# $apor
102 ## $aPT
105 ## $aa z 000yy
106 ## $ar
200 1# $aNúmeros e operações para a educação básica$fHugo Alexandre Lopes Menino
210 #9 $aLeiria$cInstituto Politécnico de Leiria,$d2023
215 ## $a164 p.$cil.$d21 cm
675 ## $a37.02$vBN$zpor$3288044
675 ## $a51$vBN$zpor$3288051
700 #1 $aMenino,$bHugo Alexandre Lopes,$f1978-$31260943
801 #0 $aPT$bBN$gRPC
856 41 $uhttp://rnod.bnportugal.gov.pt/ImagesBN/winlibimg.aspx?skey=&doc=2285928&img=223734&save=true
966 ## $lBN$mFGMON$sS.C. 169386 V.$x1
966 ## $lBN$mFGMON$sS.C. 169386 V.-D$x1
971 ## $cisantos$d20260507
973 ## $caalmeid$d20260624

OpendataBNP@bnportugal.pt | Mais informação sobre acesso aos dados BNP